000 00734nam a2200229 i 4500
001 10625
003 ES-MaACL
005 20230906145927.0
007 t|
008 931029s1993 sp d |||| | spa
020 _a84-309-2299-7
080 _a159.9(082)
245 0 0 _aHistoria de la psicología
_b: textos y comentarios /
_cElena Quiñones, Francisco Tortosa, Helio Carpintero (directores).
260 _aMadrid :
_bTecnos,
_c[1993]
300 _a630 p :
_bgráf. ;
_c22 cm.
504 _aBibliografía: p. 607-620.
650 1 4 _aPsicología-
_vHistoria.
_916547
700 1 _aQuiñones, Elena.
_994749
700 1 _aTortosa, Francisco.
_9111083
700 1 _aCarpintero, Helio (
_d1939-)
_9172420
852 _aES-MaACL
_jL-18030
999 _c10625
_d10625